Teaching Methodology in The Human Titles (Record no. 4602)

MARC details
000 -LEADER
fixed length control field 00476nam a22001577a 4500
008 - FIXED-LENGTH DATA ELEMENTS--GENERAL INFORMATION
fixed length control field 260309b |||||||| |||| 00| 0 eng d
020 ## - INTERNATIONAL STANDARD BOOK NUMBER
ISBN 9789789837427
100 ## - MAIN ENTRY--AUTHOR
Author Lawal Raheem Adebayo
245 ## - TITLE STATEMENT
Title Teaching Methodology in The Human Titles
260 ## - PUBLICATION, DISTRIBUTION, ETC. (IMPRINT)
Place of publication Ilorin
Name of publisher Niyi Printing and Publishing Company
Date of publication 2020
300 ## - COLLATION
Pagination xiv, 301p.
650 ## - TRACINGS
Main Subject Civic- study and teaching
Subdivision (1st) citizenship- study and teaching
942 ## - ADDED ENTRY ELEMENTS (KOHA)
Item type Books
050 ## - LIBRARY OF CONGRESS CALL NUMBER
Classification number LC1091
Item number .T43
Holdings
Source of classification or shelving scheme Not for loan Permanent location Current location Date acquired Accession No. Full call number Barcode. Copy number Koha item type
Library of Congress Classification   Samuel Ogbemudia Main Library, University of Abuja Samuel Ogbemudia Main Library, University of Abuja 03/09/2026 2025/69386 LC1091 .T43 2026-0089 1 Books